[Event "POR-chT"]
[Site "Lisbon"]
[Date "2002.08.16"]
[Round "6.5"]
[White "Santos, Ricardo"]
[Black "Leonardo, Joao Paulo L"]
[Result "0-1"]
[WhiteElo "2058"]
[BlackElo "2237"]
[PlyCount "130"]
[EventDate "2002.08.11"]
[EventType "team"]
[EventRounds "9"]
[EventCountry "POR"]
[SourceTitle "EXT 2004"]
[Source "ChessBase"]
[SourceDate "2003.11.25"]
[SourceVersion "1"]
[SourceVersionDate "2003.11.25"]
[SourceQuality "1"]

1. e4 d6 2. d4 Nf6 3. Nc3 g6 4. Nf3 Bg7 5. Bg5 c6 6. Qd2 b5 7. Bd3 a6 8. 0-0 0-0 9. Rad1 Bg4 10. Qe3 Nbd7 11. h3 Bxf3 12. Qxf3 Qc7 13. Qe3 e5 14. dxe5 dxe5 15. Rd2 Rfd8 16. Rfd1 Nf8 17. Ne2 Ne6 18. c3 Rd7 19. Bc2 Rad8 20. Rxd7 Rxd7 21. Rxd7 Nxd7 22. Qd2 Nxg5 23. Qxg5 Nc5 24. Qd2 Bf8 25. Kf1 a5 26. Ng1 Be7 27. Nf3 Kg7 28. Kg1 h6 29. Kf1 Nd7 30. a4 b4 31. Qd3 bxc3 32. Qxc3 Bb4 33. Qd3 Nc5 34. Qd1 Qe7 35. Ke2 Qe6 36. b3 Qe7 37. Kf1 Nd7 38. Qd3 Nf8 39. Qc4 Qd6 40. Qd3 Qc5 41. Qc4 Qxc4+ 42. bxc4 Kf6 43. Ke2 Ke6 44. Kd3 Kd6 45. Bb3 Ne6 46. Ke2 g5 47. g3 f6 48. Bc2 Kc5 49. Kd3 Kd6 50. Ke2 Bc3 51. Nh2 h5 52. Nf1 Nd4+ 53. Kd1 Kc5 54. Ne3 Ne6 55. h4 Bd4 56. Nf5 gxh4 57. gxh4 Bxf2 58. Ke2 Bd4 59. Ke1 Nf4 60. Kd2 Kxc4 61. Nd6+ Kb4 62. Ne8 Ng2 63. Nxf6 Nxh4 64. Nxh5 Ng2 65. Ng3 Ne3 0-1

[Event "POR-chT"]
[Site "Lisbon"]
[Date "2002.08.14"]
[Round "4.4"]
[White "Perez Negro, Jose Manuel"]
[Black "Leonardo, Joao Paulo L"]
[Result "1/2-1/2"]
[WhiteElo "2183"]
[BlackElo "2237"]
[PlyCount "61"]
[EventDate "2002.08.11"]
[EventType "team"]
[EventRounds "9"]
[EventCountry "POR"]
[SourceTitle "EXT 2004"]
[Source "ChessBase"]
[SourceDate "2003.11.25"]
[SourceVersion "1"]
[SourceVersionDate "2003.11.25"]
[SourceQuality "1"]

1. g3 d6 2. c4 e5 3. Nc3 g6 4. Bg2 Bg7 5. d3 f5 6. e3 Nf6 7. Nge2 0-0 8. Rb1 c6 9. b4 Kh8 10. 0-0 d5 11. cxd5 cxd5 12. d4 e4 13. Qb3 Be6 14. b5 Bg8 15. Ba3 Re8 16. Rfc1 Nbd7 17. Na4 g5 18. Rc2 Rc8 19. Rxc8 Qxc8 20. Rc1 Qb8 21. Qc2 Nb6 22. Nxb6 axb6 23. Bb4 Bf8 24. Bxf8 Rxf8 25. Qc7 Qxc7 26. Rxc7 Rf7 27. Rc8 Kg7 28. Nc3 Rf8 29. Rc7+ Rf7 30. Rc8 Rf8 31. Rc7+ 1/2-1/2

[Event "POR Cup sf"]
[Site "Vila Nova de Gaia"]
[Date "2002.06.08"]
[Round "1.3"]
[White "Leonardo, Joao Paulo L"]
[Black "Pinheiro, Jose"]
[Result "1/2-1/2"]
[WhiteElo "2230"]
[BlackElo "2359"]
[PlyCount "86"]
[EventDate "2002.06.08"]
[EventType "team"]
[EventRounds "1"]
[EventCountry "POR"]
[SourceTitle "EXT 2003"]
[Source "ChessBase"]
[SourceDate "2002.11.25"]
[SourceVersion "1"]
[SourceVersionDate "2002.11.25"]
[SourceQuality "1"]
[WhiteTeam "Barreirense"]
[BlackTeam "Guarda"]
[WhiteTeamCountry "POR"]
[BlackTeamCountry "POR"]

1. e4 Nf6 2. e5 Nd5 3. d4 d6 4. Nf3 g6 5. Bc4 Nb6 6. Bb3 Bg7 7. 0-0 0-0 8. h3 Nc6 9. Qe2 a5 10. a3 a4 11. Ba2 d5 12. Bg5 Na5 13. Nbd2 Bf5 14. c3 Qd7 15. Qe3 Nac4 16. Nxc4 dxc4 17. Bh6 Nd5 18. Qd2 Bd3 19. Bxg7 Kxg7 20. Rfe1 Qf5 21. Bb1 Nf4 22. Bxd3 Nxd3 23. Re3 Rfd8 24. Qe2 b5 25. Ne1 Nf4 26. Qf3 Qg5 27. Rd1 Nd5 28. Re4 e6 29. g4 h5 30. Ng2 hxg4 31. Rxg4 Qf5 32. Qxf5 exf5 33. Rg3 Rh8 34. Re1 Rae8 35. f4 Rh5 36. h4 c6 37. Kf2 Re6 38. Kf3 Kf8 39. Rg5 Rxg5 40. hxg5 Kg7 41. Ne3 Re8 42. Nxd5 cxd5 43. Rh1 Rh8 1/2-1/2